Loading...
| History - European History | 0 | 7 | 0 | 0 | 70 | 40 | 82.14 | 4 | 6 |
| History - Other History | 0 | 4 | 0 | 0 | 40 | 96 | 109.25 | 0 | 2 |
| Religion | 0 | 4 | 1 | 1 | 35 | 66 | 78.75 | 3 | 4 |
| Fine Arts - Classical Music | 0 | 3 | 0 | 0 | 30 | 101 | 114.00 | 0 | 1 |
| History - American History | 0 | 2 | 0 | 0 | 20 | 73 | 77.00 | 1 | 2 |
| Science - Other Science | 0 | 2 | 0 | 0 | 20 | 86 | 92.00 | 0 | 1 |
| Philosophy | 0 | 2 | 0 | 1 | 20 | 123 | 129.50 | 0 | 1 |
| Science - Biology | 0 | 2 | 0 | 0 | 20 | 73 | 86.00 | 1 | 2 |
| Science - Physics | 0 | 2 | 0 | 0 | 20 | 79 | 87.00 | 0 | 2 |
| Social Science | 0 | 1 | 0 | 1 | 10 | 120 | 120.00 | 0 | 1 |
| History - World History | 0 | 1 | 0 | 0 | 10 | 92 | 92.00 | 1 | 1 |
| Literature - American Literature | 0 | 1 | 0 | 1 | 10 | 139 | 139.00 | 0 | 0 |
| Literature - European Literature | 0 | 1 | 0 | 0 | 10 | 138 | 138.00 | 1 | 1 |
| Science - Chemistry | 0 | 1 | 1 | 0 | 5 | 118 | 118.00 | 0 | 1 |
| Fine Arts - Other Fine Arts | 0 | 1 | 1 | 0 | 5 | 99 | 99.00 | 0 | 1 |
| Literature - British Literature | 0 | 0 | 0 | 0 | 0 | 0.00 | 0 | 0 | |
| Fine Arts - Painting and Sculpture | 0 | 0 | 1 | 0 | -5 | 0.00 | 0 | 0 |